| Tag |
First Indicator |
Second Indicator |
Subfields |
| LEADER |
00000cam a2200000 a 4500 |
| 001 |
in00001069669 |
| 005 |
20150929101534.0 |
| 008 |
910311s1992 caua b s001 0 eng |
| 010 |
|
|
|a 91008901
|
| 020 |
|
|
|a 0520074564 (alk. paper)
|
| 035 |
|
|
|a (OCoLC)23382095
|
| 035 |
|
|
|9 AFP1971AM
|
| 040 |
|
|
|a DLC
|c DLC
|d TXA
|d UtOrBLW
|
| 043 |
|
|
|a e-it---
|
| 049 |
|
|
|a TXAM
|
| 050 |
0 |
0 |
|a HQ1638
|b .D4 1991
|
| 082 |
0 |
0 |
|a 305.42/0945
|2 20
|
| 090 |
|
|
|a HQ1638
|b .D4 1992
|
| 100 |
1 |
|
|a De Grazia, Victoria.
|
| 245 |
1 |
0 |
|a How fascism ruled women :
|b Italy, 1922-1945 /
|c Victoria de Grazia.
|
| 264 |
|
1 |
|a Berkeley :
|b University of California Press,
|c [1992]
|
| 264 |
|
4 |
|c ©1992
|
| 300 |
|
|
|a xiii, 350 pages :
|b illustrations ;
|c 24 cm.
|
| 336 |
|
|
|a text
|b txt
|2 rdacontent
|
| 337 |
|
|
|a unmediated
|b n
|2 rdamedia
|
| 338 |
|
|
|a volume
|b nc
|2 rdacarrier
|
| 500 |
|
|
|a "A Centennial book"--P. [iii].
|
| 504 |
|
|
|a Includes bibliographical references (pages 289-338) and index.
|
| 650 |
|
0 |
|a Women
|z Italy
|x History
|y 20th century.
|
| 650 |
|
0 |
|a Women
|x Government policy
|z Italy
|x History
|y 20th century.
|
| 651 |
|
0 |
|a Italy
|x Politics and government
|y 1922-1945.
|
| 650 |
|
0 |
|a Fascism
|z Italy
|x History
|y 20th century.
|
| 999 |
|
|
|a MARS
|
| 999 |
f |
f |
|s 337362c1-e202-36e1-ba16-4a5d8b3ee1dd
|i 9cd4fbed-f6bd-3472-a1e1-dc88d3fbea7d
|t 0
|
| 952 |
f |
f |
|p ric
|a Texas A&M University
|b Rellis Campus
|c Joint Library Facility
|d Remote Storage
|t 0
|e HQ1638 .D4 1992
|h Library of Congress classification
|i unmediated -- volume
|m A14815700175
|
| 998 |
f |
f |
|a HQ1638 .D4 1992
|t 0
|l Remote Storage
|